Science Quiz

Random Science or Numbers Quiz

Prime Numbers Quiz Stats

 Plays Quiz Updated Mar 17, 2020

Support Sporcle.
Go Orange.
Score 0/30 Timer 02:00
3 Plays Today
% Correct
11
99.7%
13
99.4%
17
99%
23
98.9%
19
98.6%
31
98.1%
29
98%
37
97.6%
43
96.9%
41
96.7%
47
96.5%
53
95.8%
59
94.7%
61
94.3%
67
93.5%
% Correct
71
92.7%
73
91.8%
79
90.6%
83
89.7%
89
86.3%
97
85.2%
101
81.8%
103
80.6%
107
78.9%
113
74.9%
109
74.8%
127
62.6%
131
58.5%
137
56.5%
139
49.8%

From the Vault

Films That Are Full of Themselves

by MrChewypoo

Movies 3m
As if being on the big screen wasn't enough of a rush, these movies go by lofty names, too!
Remove Ads.
Support Sporcle.
Get the best of Sporcle when you Go Orange. This ad-free experience offers more features, more stats, and more fun while also helping to support Sporcle. Thank you for becoming a member.

Show Comments

Extras

Top Quizzes Today


Score Distribution

Your Account Isn't Verified!

In order to create a playlist on Sporcle, you need to verify the email address you used during registration. Go to your Sporcle Settings to finish the process.

Report this User

Report this user for behavior that violates our Community Guidelines.

Details: